Rules of Fight Club Quiz Stats

 Plays Quiz Updated Nov 17, 2018

Support Sporcle.
Go Orange.
Score 0/8 Timer 03:00
1 Play Today
% Correct
The first rule of Fight Club is, you do not talk about Fight Club.
98.4%
The second rule of Fight Club is, you DO NOT talk about Fight Club.
83.4%
No shirts, no shoes.
33.8%
If this is your first night at Fight Club, you have to fight.
25.4%
One fight at a time.
22.8%
Two guys to a fight.
19.8%
If someone says stop, goes limp, taps out, the fight is over.
17%
Fights will go on as long as they have to.
12.5%

From the Vault

Rush to the Finish: Car Models

by alvir28

Get ready for a good old fashioned Sporcle street race.
Remove Ads.
Support Sporcle.
Get the best of Sporcle when you Go Orange. This ad-free experience offers more features, more stats, and more fun while also helping to support Sporcle. Thank you for becoming a member.

Show Comments

Extras

Top Quizzes Today


Score Distribution

Your Account Isn't Verified!

In order to create a playlist on Sporcle, you need to verify the email address you used during registration. Go to your Sporcle Settings to finish the process.

Report this User

Report this user for behavior that violates our Community Guidelines.

Details: